00633nam a2200157 a 450000100100000000500170001000800410002704000250006808200150009311000500010824500650015826000340022330000200025795201810027799900170045800004603120201002052607.0150612s2000 dr 000 0 spa d aDO-SdBNPbspacBNPHU axxxxbxxxx1 aRepública Dominicana.b[Leyes, etc.]91108810aProyecto de ley para la creación de la secretaria cultura. aSanto Domingo :bs. n,c2000. a66 p. ;c22 cm. 0010718PDaPDbPDcCTd2015-06-12iLF1l0oxxxx xxxxp46031-10r2020-06-25w2020-06-25yLFPDz Perteneció a la biblioteca personal de Erick Landestoy.ZNo se presta c45520d45520